[Event "SVK-ch U16"]
[Site "Liptovsky Mikulas"]
[Date "2017.04.23"]
[Round "2"]
[White "Hadzala, Juraj"]
[Black "Kovac, Alexander"]
[Result "1-0"]
[WhiteElo "1548"]
[BlackElo "1195"]
[PlyCount "67"]
[EventDate "2017.04.22"]
[EventType "swiss"]
[EventRounds "9"]
[EventCountry "SVK"]
[SourceTitle "CBM 178 Extra"]
[Source "ChessBase"]
[SourceDate "2017.06.22"]
[SourceVersion "1"]
[SourceVersionDate "2017.06.22"]
[SourceQuality "1"]

1. e4 e5 2. Nf3 Nc6 3. Nc3 Be7 4. Bb5 Nf6 5. 0-0 0-0 6. d4 d6 7. Bxc6 bxc6 8. dxe5 dxe5 9. Nxe5 Bb7 10. Bg5 h6 11. Bxf6 Bxf6 12. Nd7 Re8 13. f4 Bxc3 14. bxc3 Qe7 15. Qg4 Bc8 16. Rad1 Rd8 17. Qh5 Rxd7 18. Rde1 Ba6 19. Rf3 Rad8 20. Rg3 Rd6 21. f5 f6 22. Qxh6 Rd1 23. Qe3 Rxe1+ 24. Qxe1 c5 25. h4 Qf7 26. Qb1 Qh5 27. Qb3+ Kh8 28. Qe6 Rd1+ 29. Kh2 Qxh4+ 30. Rh3 Qxh3+ 31. gxh3 Rd2+ 32. Kg3 Bb7 33. Kf3 Rxc2 34. Qb3 1-0